[Event "WWRR IM 2018"]
[Site "Wachtebeke"]
[Date "2018.02.12"]
[Round "5"]
[White "Blom, Vincent"]
[Black "Van der Lende, Ilias"]
[Result "1-0"]
[WhiteElo "2242"]
[BlackElo "2384"]
[Annotator "TA"]
[PlyCount "71"]
[EventDate "2018.??.??"]
[EventCountry "BEL"]
[SourceTitle "playchess.com"]
[Source "ChessBase"]
[SourceQuality "1"]

{[%evp 23,70,52,66,43,89,74,74,66,90,62,79,70,73,18,78,54,64,22,29,24,26,0,8,6,7,8,32,36,30,39,130,130,130,130,126,105,535,151,535,214,167,15,29988,29980,29997,29998,29998,29999,29999]} 1. Nf3 d5 2. g3 Nf6 3. Bg2 e6 4. O-O Be7 5. b3 O-O 6. Bb2 c5 7. c4 Nc6 8. cxd5 Nxd5 9. d4 Bf6 {A14: English Opening: 1...e6 with b3 by White} (9... cxd4 10. Nxd4 Bd7 11. Nc3 Nxc3 12. Bxc3 Rc8 13. Nb5 Be8 14. Rc1 a6 15. Qxd8 Nxd8 16. Nd4 Ba3 17. Bb2 Rxc1 18. Bxc1 Bc5 19. Be3 Bxd4 20. Bxd4 {½-½ (32) Svidler,P (2765)-Yu,Y (2751) Riadh 2017}) 10. e4 {[%cal Be2e4,Be4e5][%mdl 32]} Ndb4 11. e5 Be7 12. a3 Na6 {LiveBook: 3 Games} 13. Nbd2 {[%cal Bb1d2,Bd2b3,Bb3d4][%mdl 32]} Nxd4 $146 ({Predecessor:} 13... cxd4 14. Nc4 Qc7 15. Rc1 Qb8 16. Nxd4 Rd8 17. Nxc6 bxc6 {1-0 (31) Ramirez,A (2586)-Bryant,J (2398) Phoenix 2015}) 14. Nxd4 cxd4 15. b4 Rb8 16. Nb3 Bd7 17. Nxd4 Nc7 18. Qe2 (18. Re1 $16) 18... a6 (18... Ba4 $1 $11 {keeps the balance.}) 19. Be4 Ba4 20. Qh5 {[%csl Ge4][%cal Rh5h7]} g6 21. Qg4 Qd7 22. Rac1 Nb5 23. Nxb5 Qxb5 24. h4 Qb6 25. h5 {[%cal Rh5g6]} Kg7 26. Kg2 a5 ({Black should play} 26... Rfc8 $14) 27. Bc3 $16 axb4 28. Bxb4 Bxb4 29. axb4 Qxb4 $2 {[%mdl 8192]} (29... f5 $16 {is a better chance.} 30. exf6+ Rxf6) 30. hxg6 $2 (30. Rh1 $18 {is the precise move to win.} Qe7 31. hxg6) 30... hxg6 $2 (30... h5 $16 31. Qf4 Qe7) 31. Rc7 (31. Rh1 $142 Bc6 32. Rxc6 bxc6 33. Qh4 Qxe4+ 34. Qxe4) 31... Kg8 $18 {[#]} 32. Rh1 $2 $40 {[%mdl 128] White attacks.} (32. Rb1 $1 $18 {[%cal Rb1b4]} Qd4 33. Rh1 (33. Rcxb7 $2 Rxb7 34. Rxb7 Bc6 $19)) 32... Bd1 $2 {[%mdl 8192]} (32... Bb3 $11) 33. Qf4 {White mates.} f5 {[#]} 34. Rh8+ $1 {[%mdl 512]} Kxh8 35. Qh6+ Kg8 36. Qg7# {Precision: White = 40%, Black = 21%.} 1-0

[Event "WWRR IM 2018"]
[Site "Wachtebeke"]
[Date "2018.02.12"]
[Round "5"]
[White "Wiley, Tom"]
[Black "Vuelban, Virgilio"]
[Result "1/2-1/2"]
[WhiteElo "2190"]
[BlackElo "2277"]
[Annotator "TA"]
[PlyCount "129"]
[EventDate "2018.??.??"]
[EventCountry "BEL"]
[SourceTitle "playchess.com"]
[Source "ChessBase"]
[SourceQuality "1"]

{[%evp 26,129,8,6,18,8,35,31,62,69,68,69,83,41,58,33,35,26,25,25,64,34,45,41,42,30,37,26,41,36,35,20,22,4,2,4,4,8,2,0,0,5,8,8,8,0,0,0,0,0,7,7,8,2,2,0,0,0,0,0,0,0,0,0,0,0,0,0,0,0,0,0,0,0,0,0,0,-8,-8,-8,-1,-8,-8,-8,-8,-8,-8,-8,-8,-8,-8,-8,-8,-8,-8,-8,-8,-8,-8,-8,-8,-8,-8,-8,-8,-8]} 1. d4 Nf6 2. c4 g6 3. Nc3 Bg7 4. e4 d6 5. Nf3 O-O 6. Be3 e5 7. dxe5 dxe5 8. Qxd8 Rxd8 9. Nd5 Nxd5 10. cxd5 c6 11. Bc4 cxd5 12. Bxd5 Nc6 13. Bxc6 {E90: King's Indian: Classical: Early deviations and 6 h3} bxc6 14. O-O {LiveBook: 9 Games} f5 (14... Be6 15. Rfc1 Rdb8 16. b3 a5 17. Rxc6 a4 18. Rcc1 axb3 19. axb3 Bxb3 20. Rxa8 Rxa8 {½-½ (31) Spasov,V (2539)-Georgiev,K (2607) Bol 2015}) 15. Rfc1 Rb8 $146 ({Predecessor:} 15... a5 16. Rc5 a4 17. Rac1 Rb8 18. Nxe5 Bxe5 19. Rxe5 Rxb2 20. a3 Ra2 21. h4 Rxa3 22. Bb6 Rf8 23. Bc5 {1-0 (24) Olivera Medrano,J (2388)-Casal Roses,A (2212) Havana 2009}) 16. b3 Rb4 17. Rd1 Re8 18. Nd2 fxe4 19. Nc4 Be6 20. Bc5 Rbb8 21. Nd6 Red8 22. Nxe4 a6 23. Be7 Rxd1+ 24. Rxd1 Bd5 25. f3 Kf7 26. Bc5 h6 27. Kf2 Ke6 28. Be3 Bf8 {The position is equal.} 29. Nc5+ Bxc5 $1 30. Bxc5 $11 {[%mdl 4096] Endgame KRB-KRB} a5 31. Re1 a4 32. Bd4 axb3 33. Bxe5 Rb7 34. axb3 Kf7 35. Rc1 Rxb3 36. Bd4 Rd3 37. Be3 g5 38. h4 Kg6 39. hxg5 hxg5 40. Rc2 Kf5 41. Rc1 g4 42. fxg4+ Kxg4 43. g3 Ra3 44. Bf4 Kf5 45. Bd6 Rf3+ 46. Ke2 Ke4 47. Bf4 Ra3 48. Kd2 Kd4 49. Bd6 $1 {[%cal Rd6a3]} Rd3+ 50. Kc2 Bc4 51. Rh1 Bb3+ 52. Kb2 c5 53. Re1 c4 54. Be5+ Kc5 55. Bc3 Rxg3 56. Re5+ Kd6 {[#] White must now prevent ...Rxc3!} 57. Ra5 {Be5+ is the strong threat.} Rg2+ 58. Ka3 Kc6 59. Kb4 Rg8 60. Rc5+ Kd6 61. Be5+ Ke6 62. Bc3 $1 Rg1 63. Re5+ Kd6 64. Ra5 Rb1 65. Ra1 {Precision: White = 70%, Black = 58%.} 1/2-1/2

[Event "WWRR IM 2018"]
[Site "Wachtebeke"]
[Date "2018.02.12"]
[Round "5"]
[White "Den Hartog, Marijn"]
[Black "De Waele, Warre"]
[Result "0-1"]
[WhiteElo "2125"]
[BlackElo "2262"]
[Annotator "TA"]
[PlyCount "46"]
[EventDate "2018.??.??"]
[EventCountry "BEL"]
[SourceTitle "playchess.com"]
[Source "ChessBase"]
[SourceQuality "1"]

{[%evp 19,46,-13,-28,-30,-32,-56,-32,-43,-29,-35,-19,-17,0,-31,-43,-64,-58,-131,-112,-238,-230,-321,-297,-307,-285,-318,-287,-267,-256]} 1. e4 e5 2. Nf3 Nc6 3. Bc4 Bc5 4. c3 Nf6 5. d3 a6 6. a4 {C54: Giuoco Piano: 4 c3 Nf6, main lines with 5 d4 and 5 d3} Ba7 (6... d6 7. O-O h6 8. Re1 O-O 9. h3 Re8 10. b4 Ba7 11. Nbd2 Qe7 12. Nf1 Be6 13. Be3 Bxc4 14. dxc4 Qe6 15. Bxa7 Nxa7 {1-0 (47) Karjakin,S (2760)-Mamedyarov,S (2799) Riadh 2017}) 7. Nbd2 O-O 8. O-O d6 9. Re1 Ng4 10. Re2 Kh8 {LiveBook: 13 Games} 11. h3 f5 12. Nf1 Nf6 {[%cal Bg4f6,Bf6h5,Bh5f4,Bf4h3][%mdl 32]} (12... fxe4 {NOTEXT} 13. dxe4 Rxf3 14. gxf3 Nf6 15. Ng3 Bxh3 16. Be3 Qe8) 13. Be3 $146 ({Find the theoretical novelty and annotate with similar games:} 13. Re1 fxe4 14. dxe4 Nh5 15. Be3 Qf6 16. Bxa7 Rxa7 {0-1 (39) Santamaria Perez,T (2370)-Larwinski,P (2158) ICCF email 2014}) 13... fxe4 14. dxe4 Bxe3 15. Rxe3 Nh5 16. Ne1 Nf4 17. Nd3 Qf6 18. Qd2 {[#]} (18. Qe1 $15) 18... Qg6 $1 $36 {[%csl Gf4][%cal Rg6g2][%mdl 2048] Keeping White busy.} 19. g4 (19. Ng3 $17 {is a better defense.}) 19... Qh6 $19 20. Nh2 Nxh3+ {Black has a decisive advantage.} 21. Kg2 Ng5 22. Qe2 Be6 23. Bxe6 Qxe6 {Precision: White = 12%, Black = 74%.} ({Don't take} 23... Nxe6 24. Rh1 $19) 0-1

[Event "WWRR IM 2018"]
[Site "Wachtebeke"]
[Date "2018.02.12"]
[Round "5"]
[White "Hummel, Joop"]
[Black "Van Malder, Dries"]
[Result "1/2-1/2"]
[WhiteElo "1975"]
[BlackElo "2032"]
[Annotator "NA RC"]
[PlyCount "62"]
[EventDate "2018.??.??"]
[EventCountry "BEL"]
[SourceTitle "playchess.com"]
[Source "ChessBase"]
[SourceQuality "1"]
[TimeControl "40/5400+30:900+30"]

{[%evp 9,62,1,32767,0,26,9,20,19,29,44,35,14,19,14,0,23,45,45,55,51,61,62,47,53,97,0,0,-3,-7,-44,-42,-61,-62,-56,-66,-60,-72,-67,-62,-85,-54,-139,-8,-12,-12,-31,-22,-76,0,-14,0,0,32767,0,0]} 1. Nf3 {[%emt 0:00:12]} Nf6 {[%emt 0:00:13]} 2. d4 {[%emt 0:00:36]} e6 {[%emt 0:00:24]} 3. e3 {[%emt 0:01:42]} c5 {[%emt 0:00:51]} 4. Bd3 {[%emt 0:01:28]} b6 {[%emt 0:01:06]} 5. O-O {[%emt 0:00:14]} Bb7 {[%emt 0:00:04]} 6. c4 {[%emt 0:02:27]} cxd4 {[%emt 0:00:45]} 7. exd4 {[%emt 0:00:03] E14: Queen's Indian: Classical Variation (4 e3)} d5 {[%emt 0:00:52]} 8. Nc3 {[%emt 0:02:43]} Nbd7 {[%emt 0:00:51]} 9. cxd5 {[%emt 0:04:43]} Nxd5 {[%emt 0:00:31]} 10. Bb5 $146 {[%emt 0:13:17]} ({Predecessor:} 10. Nxd5 Bxd5 11. Ne5 Nxe5 12. dxe5 Bc6 13. Re1 Bc5 14. Be3 Qd5 {0-1 (30) Panelo Munoz,M (2388)-Cori Tello,J (2648) Vallfogona de Balague 2017}) 10... a6 {[%emt 0:04:33]} 11. Bxd7+ {[%emt 0:01:33]} Qxd7 {[%emt 0:00:19]} 12. Ne5 {[%emt 0:00:02]} Nxc3 {[%emt 0:02:00]} 13. Nxd7 {[%emt 0:05:28]} Nxd1 {[%emt 0:00:25]} 14. Nxb6 {[%emt 0:00:02]} Rd8 {[%emt 0:02:43]} 15. Rxd1 {[%emt 0:00:29]} Bc5 {[%emt 0:00:35]} 16. Nc4 {[%emt 0:01:56]} Bxd4 {[%emt 0:04:24] [#]} 17. Be3 {[%emt 0:00:16]} (17. Bf4 $1 $16) 17... Bxe3 {[%emt 0:01:13]} 18. Rxd8+ {[%emt 0:00:20]} Kxd8 {[%emt 0:00:09]} 19. fxe3 {[%emt 0:06:19]} Ke7 {[%emt 0:03:19]} 20. Rd1 {[%emt 0:05:00]} Bd5 {[%emt 0:09:27]} 21. Nb6 {[%emt 0:07:34]} Bxa2 {[%emt 0:01:11]} 22. Rd7+ {[%emt 0:00:08]} Kf6 {[%emt 0:00:10]} 23. Ra7 {[%emt 0:00:10]} Rd8 {[%emt 0:01:29]} 24. Nd7+ {[%emt 0:02:51]} Kf5 {[%emt 0:09:36]} 25. Kf2 {[%emt 0:01:26]} ({Better is} 25. h3 $15) 25... Bc4 {[%emt 0:07:26] [#]} (25... Rc8 $17 26. Kg3 Rc2) 26. g4+ $1 {[%emt 0:00:30]} Ke4 {[%emt 0:10:36]} 27. Nc5+ {[%emt 0:03:13]} Kd5 {[%emt 0:01:23]} 28. Na4 {[%emt 0:01:17]} (28. Nxa6 $11 {keeps the balance.} h6 29. Kg3) 28... Bb3 {[%emt 0:05:01]} (28... Rb8 $17 29. Rxf7 Rb4 30. Nc3+ Kc6) 29. Rxa6 {[%emt 0:13:43]} Bxa4 {[%emt 0:01:40]} 30. Rxa4 {[%emt 0:00:02]} Ke5 {[%emt 0:04:43]} 31. Ke2 $11 {[%emt 0:03:08]} Rb8 {[%emt 0:28:01]} 1/2-1/2

[Event "WWRR IM 2018"]
[Site "Wachtebeke"]
[Date "2018.02.12"]
[Round "5"]
[White "Roels, Frederik"]
[Black "Moens, Patrick"]
[Result "0-1"]
[WhiteElo "1914"]
[BlackElo "1870"]
[Annotator "NA RC"]
[PlyCount "104"]
[EventDate "2018.??.??"]
[EventCountry "BEL"]
[SourceTitle "playchess.com"]
[Source "ChessBase"]
[SourceQuality "1"]
[TimeControl "40/5400+30:900+30"]

{[%evp 8,104,24,33,18,16,33,18,25,-9,32767,32767,32767,32767,0,-15,-22,-223,-155,-255,-270,-306,-37,-40,-47,-78,-94,-507,-508,-494,-196,-212,-223,-210,-219,-308,-310,-333,-366,-384,-452,-468,-550,-658,-660,-718,-710,-652,-660,-652,-341,-398,-407,-565,-591,32767,-660,-642,-643,-820,-724,-912,-980,-872,-1130,-2340,-1247,-957,-791,-744,-729,-799,-781,-728,-812,-777,-810,-1029,-1754,-1437,-877,-856,-972,-979,-708,-708,-914,-822,-870,-851,-940,-1004,-927,-981,-1024,-936,-1165,-1091,-12842]} 1. e4 {[%emt 0:00:00]} c5 {[%emt 0:00:08]} 2. Nf3 {[%emt 0:00:00]} d6 {[%emt 0:00:15]} 3. d4 {[%emt 0:00:00]} cxd4 {[%emt 0:00:05]} 4. Nxd4 {[%emt 0:00:00]} Nf6 {[%emt 0:00:11]} 5. Nc3 {[%emt 0:00:00]} a6 {[%emt 0:00:05]} 6. Bg5 {[%emt 0:00:35]} e6 {[%emt 0:00:29]} 7. f4 {[%emt 0:00:07]} Be7 {[%emt 0:00:05]} 8. Qe2 {[%emt 0:00:48]} h6 {[%emt 0:02:20]} 9. Bxf6 {[%emt 0:00:33] B98: Sicilian Najdorf: 6 Bg5 e6 7 f4 Be7, sidelines} Bxf6 {[%emt 0:00:19]} 10. O-O-O {[%emt 0:00:14]} Qc7 {[%emt 0:00:57]} 11. h4 {[%emt 0:00:31]} (11. Qd2 Bd7 12. Kb1 b5 13. g4 b4 14. Nce2 Nc6 15. Nf3 Be7 16. h4 a5 {½-½ (48) Jobava,B (2669)-Yilmaz,M (2622) Izmir 2016}) 11... Nc6 {[%emt 0:03:33]} 12. Qc4 $2 $146 {[%emt 0:05:31]} (12. Nb3 $15) ({Predecessor:} 12. Nxc6 bxc6 13. Rh3 Rb8 14. b3 g5 15. e5 dxe5 16. fxg5 Be7 {1-0 (36) Hossain,E (2432)-Dao,T (2463) Ashkhabad 2017}) 12... d5 {[%emt 0:04:42]} 13. Qa4 {[%emt 0:03:24]} (13. Nxe6 {keeps fighting.} fxe6 14. exd5 Bxc3 15. bxc3 exd5 16. Re1+ Kd8 17. Qxd5+ Bd7 18. g3) 13... Bxd4 {[%emt 0:05:38]} ({Much less strong is} 13... Qxf4+ 14. Kb1 $17) 14. Rxd4 {[%emt 0:01:02]} Bd7 $2 {[%emt 0:01:32]} ({Not} 14... Qxf4+ 15. Rd2 $17) (14... b5 $19 15. Bxb5 axb5 16. Qxa8 Nxd4) 15. Rd2 {[%emt 0:01:41]} d4 {[%emt 0:03:14]} 16. Ne2 {[%emt 0:01:26] [#]} d3 $1 {[%emt 0:04:15]} 17. cxd3 $2 {[%emt 0:04:13]} (17. Ng1 $17) 17... Nb4+ $1 {[%emt 0:03:12]} 18. Rc2 {[%emt 0:00:39]} Nxc2 $2 {[%emt 0:03:33]} ({Nicht} 18... Bxa4 19. Rxc7 Nxd3+ 20. Kb1 $17) (18... Rc8 19. Rxc7 Rxc7+ 20. Nc3 Bxa4) 19. Qxc2 {[%emt 0:00:08]} Qa5 {[%emt 0:01:17]} 20. Nc3 {[%emt 0:00:41]} b5 {[%emt 0:02:08]} 21. a3 {[%emt 0:00:11]} (21. Kb1 $142) 21... Qb6 {[%emt 0:00:29]} 22. Qd2 {[%emt 0:00:39]} a5 {[%emt 0:01:04]} 23. Kd1 {[%emt 0:04:28]} b4 {[%emt 0:00:16]} 24. Nb1 {[%emt 0:00:09]} Qd4 {[%emt 0:00:49]} 25. g4 {[%emt 0:01:50]} Ba4+ {[%emt 0:00:24]} 26. Ke2 {[%emt 0:00:06]} Rc8 {[%emt 0:00:26]} 27. Kf3 {[%emt 0:00:52]} Rc2 {[%emt 0:00:59]} 28. Qe3 {[%emt 0:00:14]} Qxe3+ {[%emt 0:05:41]} 29. Kxe3 {[%emt 0:00:05]} Rxb2 {[%emt 0:00:12]} 30. Nd2 {[%emt 0:00:24]} (30. Be2 $142) 30... bxa3 {[%emt 0:00:40]} 31. Be2 {[%emt 0:00:18]} a2 {[%emt 0:07:13]} 32. Ra1 {[%emt 0:00:12]} Bb5 {[%emt 0:02:31]} 33. e5 {[%emt 0:01:52]} O-O {[%emt 0:02:09]} 34. Nc4 {[%emt 0:01:18]} Bxc4 {[%emt 0:00:21]} 35. dxc4 {[%emt 0:00:04]} Rd8 {[%emt 0:01:45]} 36. f5 {[%emt 0:00:18]} exf5 {[%emt 0:01:20]} 37. gxf5 {[%emt 0:00:05]} Re8 {[%emt 0:00:37]} 38. Bd3 {[%emt 0:00:21]} Rxe5+ {[%emt 0:00:24]} 39. Kd4 {[%emt 0:00:05]} f6 {[%emt 0:01:35]} 40. c5 {[%emt 0:00:15]} Kf8 {[%emt 0:21:18]} 41. Bc4 {[%emt 0:16:20]} Rxf5 {[%emt 0:01:27]} 42. Bxa2 {[%emt 0:00:10]} Rb4+ {[%emt 0:00:13]} 43. Kd3 {[%emt 0:01:31]} Rxc5 {[%emt 0:00:16]} 44. Rh1 {[%emt 0:01:15]} Rh5 {[%emt 0:01:41]} 45. Rc1 {[%emt 0:00:26]} Rb7 {[%emt 0:01:18]} 46. Rc8+ {[%emt 0:00:24]} Ke7 {[%emt 0:00:11]} 47. Rc4 {[%emt 0:01:10]} Re5 {[%emt 0:01:56]} 48. Rg4 {[%emt 0:00:34]} Rd7+ {[%emt 0:00:19]} 49. Kc3 {[%emt 0:00:39]} Rc5+ {[%emt 0:01:07]} 50. Kb2 {[%emt 0:00:30]} Rb7+ {[%emt 0:00:55]} 51. Ka3 {[%emt 0:00:12]} Rc3+ {[%emt 0:00:30]} 52. Ka4 {[%emt 0:00:07] [#]} Rb4+ $19 {[%emt 0:00:17]} 0-1